Les députés de la Loire-Atlantique - Statistiques

Statistiques générales
  • Ce quiz a été pris 11 fois
  • Le résultat moyen est 3 sur 10
Réponses sur la Carte
Les réponses sont colorées sur une échelle allant du rouge au vert en fonction du pourcentage des utilisateurs qui les ont devinées à leur premier essai. Vous pouvez retrouver ces pourcentages ci-dessous.
 
Statistiques - réponses
Circonscription Député-e % Correct
Deuxième Circonscription Andy Kerbrat
71%
Troisième Circonscription Ségolène Amiot
43%
Quatrième Circonscription Julie Laernoes
43%
Neuvième Circonscription Jean-Michel Brard
29%
Huitième Circonscription Matthias Tavel
29%
Cinquième Circonscription Fabrice Roussel
14%
Sixième Circonscription Jean-Claude Raux
14%
Première Circonscription Karim Benbrahim
14%
Septième Circonscription Sandrine Josso
14%
Dixième Circonscription Sophie Errante
14%
Aucun quiz correspondant
Distribution des résultats
% des personnes avec chaque résultat
Percentile par nombre de réponses
Votre historique - résultats
Vous n’avez pas pris ce quiz